000 00456nam a2200181Ia 4500
008 090124s9999 xx 000 0 und d
082 _b114936
100 _aनरवणे सुधा
245 _a दोलाचल
250 _a1
260 _c1973
300 _a146
600 _aनरवणे सुधा
630 _a दोलाचल
700 _aनरवणे सुधा
730 _a दोलाचल
942 _cBOOK
999 _c161027
_d161027